Mangement for investment promotion (Record no. 498183)

000 -LEADER
fixed length control field 00341cam a22001097a 4500
008 - FIXED-LENGTH DATA ELEMENTS--GENERAL INFORMATION
fixed length control field 180718b1975 xxu||||| |||| 00| 0 eng d
082 ## - DEWEY DECIMAL CLASSIFICATION NUMBER
Classification number t471x54 M
100 ## - MAIN ENTRY--PERSONAL NAME
Personal name Chaturvedi, T.N.
245 ## - TITLE STATEMENT
Title Mangement for investment promotion
Statement of responsibility, etc. by T.N.Chaturvedi
260 ## - PUBLICATION, DISTRIBUTION, ETC.
Place of publication, distribution, etc. New Delhi
Name of publisher, distributor, etc. Department of Personnel & Administartive Reforms
Date of publication, distribution, etc. 1975
300 ## - PHYSICAL DESCRIPTION
Extent 47p.
Holdings
Withdrawn status Lost status Damaged status Not for loan Permanent Location Current Location Date acquired Full call number Barcode Date last seen Price effective from Koha item type
        Indian Institute of Public Administration Indian Institute of Public Administration 2018-08-04 t471x54 M GG15046 2018-08-04 2018-08-04 GG

Powered by Koha